Arxiu Històric de la Ciutat
Descripción Física:
[13] p. : il. col. ; 21 cm
MARC
| LEADER | 00000nam a2200000Ia 4500 | ||
|---|---|---|---|
| 001 | 15563 | ||
| 008 | 160829s9999 xx 000 0 cat d | ||
| 080 | |a FU-39-16 | ||
| 110 | 2 | |a Arxiu Municipal de Barcelona |9 55021 | |
| 245 | |a Arxiu Històric de la Ciutat | ||
| 260 | |a [Barcelona] : |b Ajuntament de Barcelona, DL 2001 | ||
| 300 | |a [13] p. : |b il. col. ; |c 21 cm | ||
| 590 | |a Precedeix el títol: Institut de Cultura | ||
| 650 | |a Arxiu Històric de la Ciutat (Barcelona) |x Guies |9 23832 | ||
| 710 | 1 | |a Barcelona (Catalunya). |b Ajuntament |9 50981 | |
| 710 | 2 | |a Institut de Cultura (Barcelona, Catalunya) |9 53422 | |
| 901 | |a Arxiu | ||
| 942 | |n 1 | ||
| 952 | |0 0 |1 0 |4 0 |6 FU3916 |7 1 |9 42878 |a Arxiu |b Arxiu |d 2016-12-01 |l 0 |o FU-39-16 |p 15563 |r 2016-12-01 00:00:00 |w 2016-12-01 |y ARXIU | ||
| 999 | |c 45384 |d 45384 | ||